[Event "4NCL/Div4/CELT vs. FCA2"]
[Site "Sunningdale ENG"]
[Date "2007.05.27"]
[Round "10.5"]
[White "Josse, Mark"]
[Black "Adebajo, Femi"]
[Result "1/2-1/2"]
[WhiteElo "2080"]
[BlackElo "2046"]
[PlyCount "85"]
[EventDate "2007.05.27"]
[EventType "team"]
[EventRounds "11"]
[EventCountry "ENG"]
[SourceDate "2007.05.27"]
[WhiteTeam "Celtic Tigers"]
[BlackTeam "FCA Solutions 2"]

1. e4 c5 2. Nf3 d6 3. d4 cxd4 4. Nxd4 Nf6 5. Nc3 g6 6. Be3 Bg7 7. f3 Nc6 8. Qd2
O-O 9. O-O-O d5 10. exd5 Nxd5 11. Nxc6 bxc6 12. Bd4 e5 13. Bc5 Be6 14. Ne4 Qc8
15. Qa5 a6 16. Bxf8 Qxf8 17. Nc5 Bf5 18. Bd3 Ne3 19. Bxf5 gxf5 20. Nd7 Qe8 21.
Qc5 f4 22. Qd6 Kh8 23. Nf6 Qc8 24. Nh5 Qf5 25. Qd8+ Bf8 26. Qf6+ Qxf6 27. Nxf6
Nxd1 {=} 28. Rxd1 Kg7 29. Ng4 Re8 30. c3 f5 31. Nf2 {=} Bc5 32. Nh3 Kf6 33. Rd7
Re7 34. Rxe7 Kxe7 35. Kc2 h6 36. Kd3 Ke6 37. b4 Ba7 38. c4 Kd6 39. a3 a5 40.
Kc3 axb4+ 41. axb4 Be3 42. Kd3 Ba7 43. Kc3 1/2-1/2

[Event "4NCL/Div4/CELT vs. FCA2"]
[Site "Sunningdale ENG"]
[Date "2007.05.27"]
[Round "10.6"]
[White "Valentine, Brian J"]
[Black "Fathallah, Joe"]
[Result "1-0"]
[WhiteElo "1995"]
[BlackElo "1922"]
[PlyCount "105"]
[EventDate "2007.05.27"]
[EventType "team"]
[EventRounds "11"]
[EventCountry "ENG"]
[SourceDate "2007.05.27"]
[WhiteTeam "FCA Solutions 2"]
[BlackTeam "Celtic Tigers"]

1. e4 e6 2. d3 d5 3. Nd2 Nf6 4. Ngf3 Be7 5. g3 c5 6. Bg2 Nc6 7. O-O O-O 8. Re1
Qb6 9. e5 Nd7 10. Nf1 Re8 11. c3 Nf8 12. h4 Bd7 13. N1h2 Rac8 14. Qe2 f6 15.
exf6 Bxf6 16. Ng4 e5 17. Ng5 e4 18. dxe4 d4 19. f4 d3 20. Qd1 Rcd8 21. Ne3 Be6
22. Nxe6 Nxe6 23. Nd5 Qa5 24. Qxd3 Ncd4 25. Bd2 Nc6 26. Qe2 Rd7 27. e5 Bd8 28.
f5 Nc7 29. c4 Qa6 30. e6 Nd4 31. Qh5 Rde7 32. Nxe7+ Rxe7 33. Bg5 Nxf5 34. Bxe7
g6 35. Qf3 Bxe7 36. Qxb7 Qd6 37. Qf3 Nxe6 38. Qd5 Nfd4 39. Qxd6 Bxd6 40. Bd5
Kf7 41. Kg2 Kf6 42. Bxe6 Nxe6 43. Rad1 Nd4 44. Re8 Nf5 45. g4 Nd4 46. Rf1+ Kg7
47. Rd8 Be5 48. Rd7+ Kg8 49. Rxa7 Nc2 50. Rff7 Ne3+ 51. Kf3 Nxc4 52. Rfd7 Bd6
53. Ke4 1-0

[Event "4NCL/Div4/MET vs. ANGA"]
[Site "Sunningdale ENG"]
[Date "2007.05.27"]
[Round "10.1"]
[White "Dickson, George"]
[Black "Talsma, Paul A"]
[Result "0-1"]
[WhiteElo "2163"]
[BlackElo "2180"]
[PlyCount "96"]
[EventDate "2007.05.27"]
[EventType "team"]
[EventRounds "11"]
[EventCountry "ENG"]
[SourceDate "2007.05.27"]
[WhiteTeam "Metropolitan"]
[BlackTeam "Ang Avengers"]

1. e4 e5 2. Nf3 Nc6 3. Nc3 g6 4. Bc4 Bg7 5. d3 Nf6 6. Bg5 h6 7. Bh4 d6 8. Nd5
Be6 9. Qd2 g5 10. Bg3 Bxd5 11. exd5 Ne7 12. Bb5+ Nd7 13. h4 g4 14. Nh2 f5 15.
f4 Nxd5 16. fxe5 dxe5 17. c4 Ne7 18. O-O c6 19. Ba4 Nc5 20. Bc2 Ne4 21. Qe3
Nxg3 22. Qxg3 Qd4+ 23. Kh1 h5 24. Qe1 O-O-O 25. Rb1 Rd7 26. b4 f4 27. b5 c5 28.
Qe4 Qxe4 29. dxe4 Rd2 30. Rbc1 Ng6 31. Rfd1 Rhd8 32. Nf1 Rxd1 33. Rxd1 Rxd1 34.
Bxd1 Nxh4 35. Nd2 Ng6 36. Nb3 b6 37. a4 Bf6 38. a5 Bh4 39. Kg1 Be1 40. a6 Bc3
41. Kf1 f3 42. gxf3 g3 43. Nc1 Nf4 44. Ne2 g2+ 45. Kg1 Bd4+ 46. Kh2 Nxe2 47.
Kxg2 Nf4+ 48. Kh1 Kd7 0-1

[Event "4NCL/Div4/MET vs. ANGA"]
[Site "Sunningdale ENG"]
[Date "2007.05.27"]
[Round "10.2"]
[White "Munson, Shaun D"]
[Black "Calvert, D Ian"]
[Result "1-0"]
[WhiteElo "2196"]
[BlackElo "2070"]
[PlyCount "49"]
[EventDate "2007.05.27"]
[EventType "team"]
[EventRounds "11"]
[EventCountry "ENG"]
[SourceDate "2007.05.27"]
[WhiteTeam "Ang Avengers"]
[BlackTeam "Metropolitan"]

1. d4 d5 2. Bg5 g6 3. Nc3 Bg7 4. Qd2 Nf6 5. O-O-O Nc6 6. f3 Bf5 7. g4 Be6 8. e4
h5 9. e5 Nh7 10. Bh6 Bxh6 11. Qxh6 hxg4 12. h4 Qd7 13. Qf4 O-O-O 14. Na4 b6 {=}
15. Ba6+ Kb8 16. Bb5 Qe8 17. fxg4 Bd7 18. Nc3 Nxe5 19. Bxd7 Nxd7 20. Nxd5 e5
21. dxe5 Nxe5 22. Nf3 Nxf3 23. Qxf3 Qc6 24. Rd3 Rd7 25. Nxb6 1-0

[Event "4NCL/Div4/MET vs. ANGA"]
[Site "Sunningdale ENG"]
[Date "2007.05.27"]
[Round "10.3"]
[White "Fegan, Chris"]
[Black "Wallis, Ian"]
[Result "1/2-1/2"]
[WhiteElo "2064"]
[BlackElo "2075"]
[PlyCount "58"]
[EventDate "2007.05.27"]
[EventType "team"]
[EventRounds "11"]
[EventCountry "ENG"]
[SourceDate "2007.05.27"]
[WhiteTeam "Metropolitan"]
[BlackTeam "Ang Avengers"]

1. d4 d5 2. Nf3 Nc6 3. e3 Bg4 4. h3 Bxf3 5. Qxf3 e5 6. Bb5 e4 7. Qe2 a6 8.
Bxc6+ bxc6 9. O-O Nf6 10. c4 Be7 11. Nc3 O-O 12. Bd2 Qc8 13. b3 Qe6 14. Rfc1 g6
15. Na4 Bd6 16. Ba5 Ne8 17. cxd5 cxd5 18. Rc6 Bh2+ 19. Kxh2 Qxc6 20. Qd2 f5 21.
Rc1 Qd7 22. Kg1 Rf7 23. Qc3 Qd6 24. Bb4 Qd7 25. Ba5 f4 26. exf4 Rxf4 27. Qg3
Rf5 28. Bxc7 Rc8 29. Nb6 Qxc7 1/2-1/2

[Event "4NCL/Div4/MET vs. ANGA"]
[Site "Sunningdale ENG"]
[Date "2007.05.27"]
[Round "10.4"]
[White "Gregory, Stephen J"]
[Black "Djabri, Zafer M"]
[Result "1/2-1/2"]
[WhiteElo "2139"]
[BlackElo "2086"]
[PlyCount "58"]
[EventDate "2007.05.27"]
[EventType "team"]
[EventRounds "11"]
[EventCountry "ENG"]
[SourceDate "2007.05.27"]
[WhiteTeam "Ang Avengers"]
[BlackTeam "Metropolitan"]

1. e4 c5 2. Nf3 Nc6 3. d3 g6 4. g3 Bg7 5. Bg2 d6 6. O-O e5 7. c3 Nge7 8. a3 O-O
9. b4 a6 10. Be3 cxb4 11. axb4 d5 12. b5 d4 13. Bg5 Na7 14. bxa6 bxa6 15. cxd4
exd4 16. Qd2 Nb5 17. Bh6 Bb7 18. Na3 Nxa3 19. Rxa3 Bc6 20. Bxg7 Kxg7 21. Qb4
Bb5 22. Nxd4 Rb8 23. Rc1 Kg8 24. Nxb5 Rxb5 25. Qc3 Qb6 26. Qd2 Nc6 27. h3 Nd4
28. Qe3 Rb2 29. Bf1 Rd8 1/2-1/2

[Event "4NCL/Div4/MET vs. ANGA"]
[Site "Sunningdale ENG"]
[Date "2007.05.27"]
[Round "10.5"]
[White "Djabri, Katherine"]
[Black "Feavyour, John"]
[Result "1/2-1/2"]
[WhiteElo "2027"]
[BlackElo "2106"]
[PlyCount "136"]
[EventDate "2007.05.27"]
[EventType "team"]
[EventRounds "11"]
[EventCountry "ENG"]
[SourceDate "2007.05.27"]
[WhiteTeam "Metropolitan"]
[BlackTeam "Ang Avengers"]

1. e4 c5 2. c3 Nf6 3. e5 Nd5 4. d4 cxd4 5. cxd4 d6 6. Nf3 Nc6 7. Bc4 e6 8. O-O
Nb6 9. Bb3 Be7 10. Nc3 d5 11. a3 Bd7 12. Qd3 a6 13. Re1 Rc8 14. Bc2 Na7 15. Qe2
Nc4 16. Bd3 Nxa3 17. Nxd5 exd5 18. bxa3 Be6 19. Bd2 Nc6 20. Reb1 Rc7 21. a4 O-O
22. Rb6 Bg4 23. Be3 f5 24. Qb2 f4 25. Bd2 Bxf3 26. gxf3 Nxd4 27. Qxd4 Bc5 28.
Qb2 Bxb6 29. Rb1 Qg5+ 30. Kf1 Ba7 31. Bb4 Re8 32. Bd6 Rd7 33. Qc2 g6 34. Qa2
Qh4 35. Kg2 Kh8 36. Rf1 Bd4 37. Qxd5 Qg5+ 38. Kh1 Rxd6 39. Qxd6 Qxe5 40. Qb4
Re7 41. Be4 b6 42. Qc4 a5 43. Kg2 Rc7 44. Qb3 Qg5+ 45. Kh1 Qc5 46. Kg2 Qc4 47.
Qa3 Rc5 48. h4 Kg7 49. Qd3 Qxa4 50. Rd1 Bf6 51. Qd6 Bxh4 52. Rd4 Qb5 53. Qxf4
Bf6 54. Rd1 Rg5+ 55. Kh3 Qe2 56. Qc7+ Kh6 57. Qc2 Qxc2 58. Bxc2 b5 59. Rd6 Bg7
60. Ra6 Bc3 61. f4 Rh5+ 62. Kg4 Rc5 63. f5 Rc4+ 64. Kf3 Bg7 65. Bd3 Rc3 66. Ke2
Kh5 67. fxg6 hxg6 68. Rxa5 Rc5 1/2-1/2

[Event "4NCL/Div4/MET vs. ANGA"]
[Site "Sunningdale ENG"]
[Date "2007.05.27"]
[Round "10.6"]
[White "Gray, Mark S"]
[Black "Cooke, Charlie"]
[Result "1-0"]
[WhiteElo "2095"]
[BlackElo "1945"]
[PlyCount "53"]
[EventDate "2007.05.27"]
[EventType "team"]
[EventRounds "11"]
[EventCountry "ENG"]
[SourceDate "2007.05.27"]
[WhiteTeam "Ang Avengers"]
[BlackTeam "Metropolitan"]

1. e4 e5 2. Nf3 Nf6 3. Nxe5 d6 4. Nf3 Nxe4 5. d4 d5 6. Bd3 Bd6 7. O-O O-O 8. c4
Nf6 9. Nc3 c6 10. Bg5 Be7 11. h3 h6 12. Bh4 Be6 13. c5 Nh7 14. Bg3 Nd7 15. Re1
Re8 16. Ne2 Ndf6 17. Nf4 Bc8 18. Ne5 Nf8 19. Re3 N6d7 20. Nh5 Nf6 21. Bh4 Ne6
22. Nxf6+ gxf6 23. Nxf7 Kxf7 24. Qh5+ Kg8 25. Qg6+ Ng7 26. Qh7+ Kf8 27. Bg6 1-0

[Event "4NCL/Div4/MONM vs. LEICS"]
[Site "Sunningdale ENG"]
[Date "2007.05.27"]
[Round "10.1"]
[White "Sully, David"]
[Black "Mansson, James C"]
[Result "1/2-1/2"]
[WhiteElo "2129"]
[BlackElo "2159"]
[PlyCount "95"]
[EventDate "2007.05.27"]
[EventType "team"]
[EventRounds "11"]
[EventCountry "ENG"]
[SourceDate "2007.05.27"]
[WhiteTeam "Monmouth"]
[BlackTeam "Leicester"]

1. e4 c5 2. Nf3 d6 3. Bb5+ Bd7 4. Bxd7+ Qxd7 5. O-O Nf6 6. Re1 Nc6 7. b3 g6 8.
c3 Bg7 9. d4 cxd4 10. cxd4 d5 11. e5 Ne4 12. Bb2 O-O 13. Nbd2 Nxd2 14. Qxd2 f6
15. e6 Qd6 16. h4 Rfc8 17. h5 Nb4 18. Bc3 a5 19. a3 Nc6 20. hxg6 hxg6 21. Nh4
g5 22. Nf5 Qd8 23. Rac1 a4 24. b4 Na7 25. Qd3 Rc4 26. Ne3 Rc6 27. Qg6 Qe8 28.
Qxe8+ Rxe8 29. Nxd5 Rd6 30. Nc7 Rc8 31. Bb2 f5 32. Red1 Rcd8 33. Rc5 Rf8 34.
Ba1 b6 35. Rcc1 Rc8 36. Rc4 Kh7 37. Rdc1 Kg6 38. d5 Bxa1 39. Rxa1 Rdd8 40. Rac1
Kf6 41. g3 Rb8 42. f3 Nc8 43. b5 Nd6 44. Rc6 Rb7 45. Kf2 Rh8 46. Kg2 Rc8 47.
Na6 Ra8 48. Nc7 1/2-1/2

[Event "4NCL/Div4/MONM vs. LEICS"]
[Site "Sunningdale ENG"]
[Date "2007.05.27"]
[Round "10.2"]
[White "Jones, Christopher M"]
[Black "Waterfield, John"]
[Result "1/2-1/2"]
[WhiteElo "2150"]
[BlackElo "2035"]
[PlyCount "44"]
[EventDate "2007.05.27"]
[EventType "team"]
[EventRounds "11"]
[EventCountry "ENG"]
[SourceDate "2007.05.27"]
[WhiteTeam "Leicester"]
[BlackTeam "Monmouth"]

1. d4 Nf6 2. Nf3 c5 3. e3 g6 4. Bd3 Bg7 5. O-O O-O 6. c4 d5 7. Nc3 Nc6 8. cxd5
Nxd5 9. Nxd5 Qxd5 10. e4 Qh5 11. d5 Ne5 12. Nxe5 Qxe5 13. Re1 e6 14. Bc4 b6 15.
Qb3 exd5 16. Bxd5 Be6 17. Bxe6 Qxe6 18. Qxe6 fxe6 19. Re2 Rad8 20. Bg5 Bf6 21.
Bxf6 Rxf6 22. f3 e5 1/2-1/2

[Event "4NCL/Div4/MONM vs. LEICS"]
[Site "Sunningdale ENG"]
[Date "2007.05.27"]
[Round "10.3"]
[White "Davis, Lee"]
[Black "Gibson, Christopher A"]
[Result "1/2-1/2"]
[WhiteElo "2015"]
[BlackElo "2024"]
[PlyCount "36"]
[EventDate "2007.05.27"]
[EventType "team"]
[EventRounds "11"]
[EventCountry "ENG"]
[SourceDate "2007.05.27"]
[WhiteTeam "Monmouth"]
[BlackTeam "Leicester"]

1. d4 Nf6 2. g3 e6 3. Bg2 c5 4. Nf3 cxd4 5. Nxd4 a6 6. O-O Qc7 7. b3 Nc6 8.
Nxc6 bxc6 9. Ba3 Bxa3 10. Nxa3 d5 11. c4 O-O 12. cxd5 cxd5 13. Rc1 Qa5 14. Nc4
Qd8 15. Ne5 Bb7 16. Qd2 Qd6 17. Nc4 Qe7 18. Ne5 Qd6 1/2-1/2

[Event "4NCL/Div4/MONM vs. LEICS"]
[Site "Sunningdale ENG"]
[Date "2007.05.27"]
[Round "10.4"]
[White "Hewitt, Sean D"]
[Black "Thomas, Kevin"]
[Result "0-1"]
[WhiteElo "1945"]
[BlackElo "1980"]
[PlyCount "40"]
[EventDate "2007.05.27"]
[EventType "team"]
[EventRounds "11"]
[EventCountry "ENG"]
[SourceDate "2007.05.27"]
[WhiteTeam "Leicester"]
[BlackTeam "Monmouth"]

1. e4 e5 2. Bc4 Bc5 3. Nc3 d6 4. Na4 Bb6 5. Nxb6 axb6 6. d3 Nc6 7. a3 Be6 8.
Bxe6 fxe6 9. Nf3 Nf6 10. O-O O-O 11. Bg5 Qe8 12. Qd2 Nh5 13. Bh4 Rxf3 14. gxf3
Nd4 15. Qd1 Qf7 16. f4 Nxf4 17. Bg3 Nfe2+ 18. Kg2 Qf3+ 19. Kh3 g5 20. c3 Nf4#
0-1

[Event "4NCL/Div4/MONM vs. LEICS"]
[Site "Sunningdale ENG"]
[Date "2007.05.27"]
[Round "10.5"]
[White "Thomas, Jac"]
[Black "Mapletoft, Alexander J"]
[Result "1/2-1/2"]
[WhiteElo "1932"]
[BlackElo "1880"]
[PlyCount "70"]
[EventDate "2007.05.27"]
[EventType "team"]
[EventRounds "11"]
[EventCountry "ENG"]
[SourceDate "2007.05.27"]
[WhiteTeam "Monmouth"]
[BlackTeam "Leicester"]

1. e4 e5 2. Bc4 Nf6 3. Nf3 Nc6 4. d3 Bc5 5. Be3 Bxe3 6. fxe3 O-O 7. Nc3 d6 8.
Qd2 Na5 9. Bb3 Nxb3 10. axb3 c6 11. O-O Qc7 12. d4 Re8 13. Rae1 Bg4 14. Qf2
Bxf3 15. Qxf3 Rad8 16. Qg3 Kh8 17. Qh4 d5 18. exd5 cxd5 19. e4 exd4 20. Nxd5
Nxd5 21. exd5 Qc5 22. Kh1 Qxd5 23. Re7 g5 24. Qh6 Rxe7 25. Qf6+ Kg8 26. Qxe7
Rd7 27. Qe2 Qe6 28. Qh5 Qe3 29. Qg4 Re7 30. h4 h6 31. hxg5 hxg5 32. Qf5 Kg7 33.
c3 dxc3 34. bxc3 Qe5 35. Qf3 f6 1/2-1/2

[Event "4NCL/Div4/OXF2 vs. PPA2"]
[Site "Sunningdale ENG"]
[Date "2007.05.27"]
[Round "10.1"]
[White "Smallbone, Kieran"]
[Black "Dignam, Matthew"]
[Result "1/2-1/2"]
[WhiteElo "2223"]
[BlackElo "2125"]
[PlyCount "132"]
[EventDate "2007.05.27"]
[EventType "team"]
[EventRounds "11"]
[EventCountry "ENG"]
[WhiteTeam "Oxford 2"]
[BlackTeam "Poisnd Pawns 2"]

1. e4 e6 2. d4 d5 3. e5 c5 4. c3 Nc6 5. Nf3 Bd7 6. Be2 f6 7. O-O fxe5 8. Nxe5
Nxe5 9. dxe5 Ne7 10. c4 d4 11. Bg5 Qc7 12. Bh5+ g6 13. Bf6 Rg8 14. Bf3 Nc6 15.
Re1 Bg7 16. Bxc6 Bxc6 17. Qg4 Bxf6 18. Qxe6+ Kf8 19. Qxf6+ Qf7 20. Qxf7+ Kxf7
21. Nd2 Ke6 22. Nb3 b6 23. Nc1 g5 24. Nd3 a5 25. Re2 Rgf8 26. Rae1 Rab8 27. Rd2
Rf5 28. b3 Be8 29. f4 g4 30. h3 g3 31. a3 Rc8 32. Rb2 h5 33. b4 cxb4 34. axb4
Rxc4 35. bxa5 bxa5 36. Rb6+ Rc6 37. Nc5+ Kd5 38. Rb8 Bf7 39. Nb7 Rb6 40. Rd8+
Ke6 41. Nc5+ Ke7 42. Rd7+ Ke8 43. Rxd4 Rb4 44. Rxb4 axb4 45. Re4 b3 46. Rb4 b2
47. Ne4 Rxf4 48. Rb8+ Ke7 49. Nxg3 h4 50. Nf1 Ke6 51. Rxb2 Kxe5 52. Rf2 Bd5 53.
Nh2 Ra4 54. Ng4+ Ke4 55. Rf8 Ba8 56. Nf2+ Ke3 57. Nd1+ Kd2 58. Rd8+ Ke1 59. Nc3
Ra1 60. Kh2 Kf2 61. Nd5 Bxd5 62. Rxd5 Ra4 63. Rg5 Rf4 64. Rg4 Ke3 65. Rxf4 Kxf4
66. Kg1 Kf5 1/2-1/2

[Event "4NCL/Div4/OXF2 vs. PPA2"]
[Site "Sunningdale ENG"]
[Date "2007.05.27"]
[Round "10.2"]
[White "Bailey, Kevin"]
[Black "Rawlinson, Aidan"]
[Result "0-1"]
[WhiteElo "2101"]
[BlackElo "2203"]
[PlyCount "150"]
[EventDate "2007.05.27"]
[EventType "team"]
[EventRounds "11"]
[EventCountry "ENG"]
[WhiteTeam "Poisnd Pawns 2"]
[BlackTeam "Oxford 2"]

1. e4 c5 2. Nc3 e6 3. Nf3 Nc6 4. d4 cxd4 5. Nxd4 Nf6 6. Ndb5 d6 7. Bf4 e5 8.
Bg5 a6 9. Na3 b5 10. Bxf6 gxf6 11. Nd5 Bg7 12. g3 f5 13. exf5 Bxf5 14. Bg2 e4
15. c3 Ne5 16. O-O Bg4 17. Qc2 Bf3 18. Nb1 O-O 19. Nd2 Bxg2 20. Kxg2 f5 21. f3
exf3+ 22. Nxf3 Kh8 23. Nd4 Qd7 24. Nxf5 Qb7 25. Rad1 Nc4 26. Kg1 Qa7+ 27. Kh1
Be5 28. Qg2 Rae8 29. b3 Nb6 30. Qf2 Rb8 31. Nxb6 Rxb6 32. Qe3 Qb7+ 33. Kg1 Qc7
34. Nd4 Rxf1+ 35. Rxf1 Rb8 36. Rf3 Rc8 37. Qf2 Qg7 38. Rf7 Qh6 39. Qf5 Rg8 40.
Qf2 Qc1+ 41. Kg2 Qxc3 42. Ne6 Qd3 43. Qf5 Qxf5 44. Rxf5 Rc8 45. Rf8+ Rxf8 46.
Nxf8 d5 47. Nd7 Bd4 48. Nb8 a5 49. Nc6 Bc3 50. Na7 b4 51. Nc6 Kg7 52. Kf3 Kf6
53. Ke3 Kf5 54. h3 Be1 55. Kf3 Ke6 56. Nxa5 Kd6 57. g4 Kc7 58. Ke2 Bc3 59. Kd3
Kb6 60. Nc4+ dxc4+ 61. Kxc4 Bd2 62. Kd3 Bg5 63. Kc4 Ka5 64. Kc5 Be7+ 65. Kc6
Bh4 66. Kc5 h6 67. Kc6 Bf2 68. Kd5 Kb5 69. Ke4 Kc5 70. Kd3 Kd5 71. Kc2 Ke4 72.
Kb2 Bd4+ 73. Kb1 Kf4 74. a3 bxa3 75. Ka2 Bc5 0-1

[Event "4NCL/Div4/OXF2 vs. PPA2"]
[Site "Sunningdale ENG"]
[Date "2007.05.27"]
[Round "10.3"]
[White "Dickinson, Timothy R"]
[Black "Goodger, Martyn"]
[Result "0-1"]
[WhiteElo "2207"]
[BlackElo "2100"]
[PlyCount "62"]
[EventDate "2007.05.27"]
[EventType "team"]
[EventRounds "11"]
[EventCountry "ENG"]
[WhiteTeam "Oxford 2"]
[BlackTeam "Poisnd Pawns 2"]

1. Nc3 d5 2. e4 dxe4 3. d3 exd3 4. Bxd3 Nf6 5. Bg5 Nbd7 6. Qe2 c6 7. O-O-O Qa5
8. Nf3 e6 9. Bd2 Qc7 10. Kb1 Be7 11. g4 Nc5 12. g5 Nd5 13. Ne4 Nf4 14. Qe3
Nfxd3 15. cxd3 Nxe4 16. dxe4 O-O 17. e5 b6 18. h4 Bc5 19. Qe2 a5 20. Bc3 Ba6
21. Qc2 Rad8 22. Nh2 Rxd1+ 23. Rxd1 Rd8 24. Ng4 Rxd1+ 25. Qxd1 Bc4 26. b3 Bd5
27. Qd3 b5 28. h5 Qd8 29. f4 a4 30. h6 Be4 31. Qxe4 Qd1+ 0-1

[Event "4NCL/Div4/OXF2 vs. PPA2"]
[Site "Sunningdale ENG"]
[Date "2007.05.27"]
[Round "10.4"]
[White "McCorry, Robert T"]
[Black "Ludbrook, Matt"]
[Result "0-1"]
[WhiteElo "2119"]
[BlackElo "2035"]
[PlyCount "70"]
[EventDate "2007.05.27"]
[EventType "team"]
[EventRounds "11"]
[EventCountry "ENG"]
[WhiteTeam "Poisnd Pawns 2"]
[BlackTeam "Oxford 2"]

1. e4 e6 2. d3 d5 3. Nd2 c5 4. Ngf3 Nc6 5. g3 Bd6 6. Bg2 Nge7 7. O-O Qc7 8. Nh4
O-O 9. f4 f6 10. f5 dxe4 11. dxe4 b5 12. Qh5 Ne5 13. Ndf3 c4 14. g4 g6 15. fxg6
hxg6 16. Nxg6 N7xg6 17. Bh6 Rf7 18. Nxe5 Nxe5 19. g5 Bb7 20. g6 Re7 21. Rxf6
Nd7 22. Rf7 Qc5+ 23. Qxc5 Bxc5+ 24. Kh1 Rxf7 25. gxf7+ Kxf7 26. Rf1+ Kg6 27.
Bd2 Rf8 28. Rd1 Nf6 29. Re1 Ng4 30. h3 b4 31. hxg4 Rh8+ 32. Bh3 Rxh3+ 33. Kg2
Rh7 34. Bf4 Rf7 35. Kg3 Bf2+ 0-1

[Event "4NCL/Div4/OXF2 vs. PPA2"]
[Site "Sunningdale ENG"]
[Date "2007.05.27"]
[Round "10.5"]
[White "Scott, David A"]
[Black "Retallick, Lloyd"]
[Result "0-1"]
[WhiteElo "2110"]
[BlackElo "2065"]
[PlyCount "190"]
[EventDate "2007.05.27"]
[EventType "team"]
[EventRounds "11"]
[EventCountry "ENG"]
[WhiteTeam "Oxford 2"]
[BlackTeam "Poisnd Pawns 2"]

1. e4 c6 2. d4 d5 3. exd5 cxd5 4. Bd3 Nc6 5. c3 Nf6 6. Bf4 Bg4 7. Qb3 Qd7 8.
Nd2 e6 9. Ngf3 Bxf3 10. Nxf3 Bd6 11. Bxd6 Qxd6 12. O-O O-O 13. Rae1 Na5 14. Qc2
Nc4 15. Ne5 b5 16. f4 Rac8 17. g4 Qc7 18. g5 Nxe5 19. fxe5 Ne4 20. Bxe4 dxe4
21. Qxe4 b4 22. Re3 Qe7 23. Rf6 bxc3 24. Rh3 g6 25. bxc3 Qa3 26. Qh4 h5 27.
gxh6 Kh7 28. Rf2 Rc7 29. Qf4 Rb8 30. Qf6 Qf8 31. Kg2 Qh8 32. Qg5 Qd8 33. Qd2
Qd5+ 34. Rhf3 Qa8 35. Kg1 Rb1+ 36. Rf1 Qxf3 37. Rxb1 Rxc3 38. Rf1 Qg4+ 39. Kh1
Qe4+ 40. Kg1 Qg4+ 41. Kh1 Rc7 42. Qf4 Qxf4 43. Rxf4 Kxh6 44. Rf2 Kg7 45. Kg2
Rc3 46. Rf3 Rc2+ 47. Rf2 Rc4 48. Rd2 Rc3 49. Kf2 g5 50. Ke1 Kg6 51. Rb2 Ra3 52.
Rc2 Kf5 53. Rf2+ Ke4 54. Rxf7 Rxa2 55. Rf6 Kd5 56. h3 Rh2 57. Rf7 Kxd4 58. Rxa7
Rxh3 59. Ra5 Rh2 60. Kf1 Ke4 61. Kg1 Rd2 62. Kf1 Kf5 63. Rb5 Rd5 64. Rb8 Rxe5
65. Kf2 Ra5 66. Rf8+ Kg4 67. Rh8 Rf5+ 68. Kg2 e5 69. Re8 Kf4 70. Kf2 g4 71. Ra8
Rf6 72. Ra4+ Kg5+ 73. Kg2 Rd6 74. Kf2 Rd3 75. Ra8 Rf3+ 76. Kg2 Kf4 77. Rf8+ Ke3
78. Rg8 g3 79. Ra8 e4 80. Ra3+ Kf4 81. Ra8 Rf2+ 82. Kg1 Kf3 83. Rg8 e3 84. Rf8+
Ke2 85. Rd8 Ke1 86. Rd3 e2 87. Rd8 Rf3 88. Kg2 Rc3 89. Rd7 Rc2 90. Kxg3 Rd2 91.
Ra7 Kf1 92. Rf7+ Kg1 93. Re7 Rd3+ 94. Kg4 Kf2 95. Rf7+ Ke1 0-1

[Event "4NCL/Div4/OXF2 vs. PPA2"]
[Site "Sunningdale ENG"]
[Date "2007.05.27"]
[Round "10.6"]
[White "Jeffries, Majid"]
[Black "Bruce, Dave"]
[Result "1/2-1/2"]
[WhiteElo "2012"]
[BlackElo "2025"]
[PlyCount "32"]
[EventDate "2007.05.27"]
[EventType "team"]
[EventRounds "11"]
[EventCountry "ENG"]
[WhiteTeam "Poisnd Pawns 2"]
[BlackTeam "Oxford 2"]

1. d4 Nf6 2. c4 g6 3. Nc3 Bg7 4. e4 d6 5. Nf3 O-O 6. Be2 e5 7. dxe5 dxe5 8.
Qxd8 Rxd8 9. Bg5 c6 10. Nxe5 Re8 11. O-O-O Na6 12. Rhe1 Nc5 13. Nf3 Nfxe4 14.
Nxe4 Nxe4 15. Bd3 Bf5 16. Be3 Bf6 1/2-1/2

[Event "4NCL/Div4/HAL vs. ATH1"]
[Site "Sunningdale ENG"]
[Date "2007.05.27"]
[Round "10.1"]
[White "Walker, Nicholas A"]
[Black "Quinn, John M"]
[Result "1/2-1/2"]
[WhiteElo "2115"]
[BlackElo "2142"]
[PlyCount "49"]
[EventDate "2007.05.27"]
[EventType "team"]
[EventRounds "11"]
[EventCountry "ENG"]
[WhiteTeam "Halesowen"]
[BlackTeam "Athenaeum 1"]

1. e4 c5 2. d4 cxd4 3. c3 Nf6 4. e5 Nd5 5. Qxd4 e6 6. Nf3 Nc6 7. Qe4 f5 8. Qe2
Be7 9. g3 O-O 10. Bg2 a5 11. c4 Ndb4 12. Nc3 d6 13. a3 Na6 14. exd6 Bxd6 15.
Bg5 Qe8 16. Rd1 Bb8 17. O-O Nc5 18. Rfe1 Qg6 19. Be3 Nd7 20. Nh4 Qf7 21. f4 Kh8
22. Bf2 e5 23. Bd5 Qf6 24. fxe5 Ndxe5 25. Ng2 1/2-1/2

[Event "4NCL/Div4/HAL vs. ATH1"]
[Site "Sunningdale ENG"]
[Date "2007.05.27"]
[Round "10.2"]
[White "Wade, Robert G"]
[Black "Doran, Michael J"]
[Result "1/2-1/2"]
[WhiteElo "2155"]
[BlackElo "2005"]
[PlyCount "69"]
[EventDate "2007.05.27"]
[EventType "team"]
[EventRounds "11"]
[EventCountry "ENG"]
[WhiteTeam "Athenaeum 1"]
[BlackTeam "Halesowen"]

1. d4 Nf6 2. Nc3 e6 3. Bg5 h6 4. Bh4 c5 5. e3 Nc6 6. d5 Nb4 7. dxe6 fxe6 8. Nf3
Be7 9. Ne5 O-O 10. Ng6 Rf7 11. a3 Nbd5 12. Nxe7+ Nxe7 13. Bxf6 Rxf6 14. Ne4 Rf8
15. Nxc5 b6 16. Nd3 Bb7 17. Qg4 Rc8 18. c3 Nd5 19. Be2 Nf6 20. Qh4 d5 21. Qh3
Qd6 22. Qg3 Qe7 23. Bf3 Ne4 24. Bxe4 dxe4 25. Nf4 Ba6 26. Qg6 e5 27. Qxe4 Bb7
28. Nd5 Qf7 29. O-O-O Rfd8 30. Qxe5 Bxd5 31. Rd4 Bb3 32. Rf4 Qd7 33. Rd4 Qf7
34. Rf4 Qd7 35. Rd4 1/2-1/2

[Event "4NCL/Div4/HAL vs. ATH1"]
[Site "Sunningdale ENG"]
[Date "2007.05.27"]
[Round "10.3"]
[White "Addis, Mark"]
[Black "Stevenson, James A B"]
[Result "1/2-1/2"]
[WhiteElo "2060"]
[BlackElo "2078"]
[PlyCount "62"]
[EventDate "2007.05.27"]
[EventType "team"]
[EventRounds "11"]
[EventCountry "ENG"]
[WhiteTeam "Halesowen"]
[BlackTeam "Athenaeum 1"]

1. d4 Nf6 2. c4 g6 3. Nc3 d5 4. cxd5 Nxd5 5. e4 Nxc3 6. bxc3 Bg7 7. Nf3 O-O 8.
Be3 c5 9. Qd2 Qa5 10. Rc1 Bg4 11. d5 Nd7 12. Be2 Rfd8 13. O-O Nf6 14. Qc2 Rac8
15. c4 Bd7 16. Rb1 Ba4 17. Qd3 Qc7 18. h3 a6 19. Rfc1 b5 20. Bd1 bxc4 21. Qxc4
Bb5 22. Qc2 e6 23. a4 Bd7 24. Bxc5 exd5 25. Be7 Qxc2 26. Bxc2 Re8 27. Bxf6 Bxf6
28. exd5 Rc3 29. Bd1 Rec8 30. Rxc3 Rxc3 31. Be2 Bxa4 1/2-1/2

[Event "4NCL/Div4/HAL vs. ATH1"]
[Site "Sunningdale ENG"]
[Date "2007.05.27"]
[Round "10.4"]
[White "Gruettner, Ralf"]
[Black "Lee, Darren"]
[Result "1/2-1/2"]
[WhiteElo "2050"]
[BlackElo "1955"]
[PlyCount "50"]
[EventDate "2007.05.27"]
[EventType "team"]
[EventRounds "11"]
[EventCountry "ENG"]
[WhiteTeam "Athenaeum 1"]
[BlackTeam "Halesowen"]

1. e4 e5 2. Nc3 Nf6 3. f4 d5 4. fxe5 Nxe4 5. d3 Nxc3 6. bxc3 d4 7. Nf3 Nc6 8.
Be2 Be7 9. O-O O-O 10. Bb2 Bc5 11. Kh1 dxc3 12. Bxc3 Nd4 13. Qd2 Nxe2 14. Qxe2
Bg4 15. Qe4 Be6 16. Qxb7 Bd5 17. Qb5 Be7 18. Nd4 Rb8 19. Qa5 c5 20. Qxd8 Bxd8
21. Ne2 Bc7 22. Nf4 Ba8 23. Rae1 Rfe8 24. Nh5 Re6 25. Nf4 Ree8 1/2-1/2